Burke's speech on conciliation with the American colonies /

Bibliographic Details
Main Author: Burke, Edmund, 1729-1797
Other Authors: Clark, Ernest Ralph, 1868-
Format: Book
Language:English
Published: New York, Cincinnati [etc.] : American Book Company, [1911]
Series:Eclectic English classics.
Subjects:

MARC

Tag First Indicator Second Indicator Subfields
LEADER 00000cam a2200000 4500
001 in00000027738
005 20151007062719.0
008 770411s1911 nyuc 00010 engm
010 |a  11008818  
035 |a (OCoLC)02880764 
035 |9 AAD5629AM 
040 |a DLC  |c AAA  |d AAA  |d TXA  |d UtOrBLW 
049 |a TXAM  |c [6353] 
050 0 0 |a E211  |b .B98602 
092 |a 825  |b B959s, 1911 
100 1 |a Burke, Edmund,  |d 1729-1797. 
245 1 0 |a Burke's speech on conciliation with the American colonies /  |c ed. by Ernest R. Clark... 
264 1 |a New York,  |a Cincinnati [etc.] :  |b American Book Company,  |c [1911] 
264 4 |c [©1911] 
300 |a 112 pages including frontispiece (port.) ;  |c 17 cm. 
336 |a text  |b txt  |2 rdacontent 
337 |a unmediated  |b n  |2 rdamedia 
338 |a volume  |b nc  |2 rdacarrier 
490 1 |a Eclectic English classics 
651 0 |a United States  |x Politics and government  |y 1775-1783. 
651 0 |a Great Britain  |x Colonies  |z America. 
700 1 |a Clark, Ernest Ralph,  |d 1868- 
830 0 |a Eclectic English classics. 
999 |a MARS 
999 f f |s 4c9946cd-306d-35d9-a4ce-5490eab5078e  |i 8aff429f-5345-3cff-a2b4-0ad770f03b65  |t 0 
952 f f |p ric  |a Texas A&M University  |b Rellis Campus  |c Joint Library Facility  |d Remote Storage  |t 0  |e E211 .B98602  |h Library of Congress classification  |i unmediated -- volume  |m A14801341228 
998 f f |a E211 .B98602  |t 0  |l Remote Storage